effect of cinnamaldehyde supplementation to concetrated feed on growth performance of weaning piglets up to 25kg ឥទ្ធិពលនៃការបន្ថែម CINNAMALDEHYDE នៅក្នុងចំណីសម្រេចលើការលូតលាស់របស់កូនជ្រូកផ្តាច់ដោះរហូតដល់ទម្ងន់ ២៥គីឡូក្រោម (Record no. 18278)

000 -LEADER
fixed length control field 00719nam a22001337a 4500
040 ## - CATALOGING SOURCE
Transcribing agency RUA
082 ## - DEWEY DECIMAL CLASSIFICATION NUMBER
Classification number ANS NGO 2018 B648 Or.1
100 ## - MAIN ENTRY--AUTHOR NAME
Personal name NGOY SIENGHAI ង៉ុយ សៀងហៃ
245 ## - TITLE STATEMENT
Title effect of cinnamaldehyde supplementation to concetrated feed on growth performance of weaning piglets up to 25kg ឥទ្ធិពលនៃការបន្ថែម CINNAMALDEHYDE នៅក្នុងចំណីសម្រេចលើការលូតលាស់របស់កូនជ្រូកផ្តាច់ដោះរហូតដល់ទម្ងន់ ២៥គីឡូក្រោម
260 ## - PUBLICATION, DISTRIBUTION, ETC. (IMPRINT)
Place of publication RUA
Name of publisher PHNOM PENH
Year of publication 2018
300 ## - PHYSICAL DESCRIPTION
Number of Pages x;38p
Other physical details ill;
Dimensions 29cm
856 ## - ELECTRONIC LOCATION AND ACCESS
Uniform Resource Identifier NGOY SIENGHAI
942 ## - ADDED ENTRY ELEMENTS (KOHA)
Koha item type ANS
952 ## - LOCATION AND ITEM INFORMATION (KOHA)
Withdrawn status [LOCAL, KOHA] 0
952 ## - LOCATION AND ITEM INFORMATION (KOHA)
Withdrawn status [LOCAL, KOHA] 0
952 ## - LOCATION AND ITEM INFORMATION (KOHA)
Withdrawn status [LOCAL, KOHA] 0
952 ## - LOCATION AND ITEM INFORMATION (KOHA)
Withdrawn status [LOCAL, KOHA] 0
952 ## - LOCATION AND ITEM INFORMATION (KOHA)
Withdrawn status [LOCAL, KOHA] 0
952 ## - LOCATION AND ITEM INFORMATION (KOHA)
Withdrawn status [LOCAL, KOHA] 0
Holdings
Permanent Location Date acquired Koha item type Lost status Shelving location Barcode Current Location Full call number
Library Block B2019-10-04ANS B648A43402Library Block BANS NGO 2018 B648 Or.1
Library Block B2019-10-04ANS B648A43944Library Block BANS NGO 2018 B648 Or.2
Library Block B2019-10-04ANS B648A42416Library Block BANS NGO 2018 B648 Or.3
Library Block B2019-10-04ANS B648A42926Library Block BANS NGO 2018 B648 Or.4
Library Block B2019-10-04ANS B648A43064Library Block BANS NGO 2018 B648 Or.5
Library Block B2019-10-04ANS B648A43612Library Block BANS NGO 2018 B648 Or.6
មជ្ឈមណ្ឌលឯការនៃសាកលវិទ្យាល័យភូមិន្ទកសិកម្មចំការដូង

Powered by Koha